Statistiche per Paesi Uniti #3

Clicka qui per fare il quiz!

Statistiche generali

  • Questo quiz è stato fatto 3.828 volte
  • Il punteggio medio è 13 su 20

Risposte nella Mappa

Le risposte nella mappa del quiz sottostante sono codificate secondo una scala di colori dal rosso al verde in base alla % di persone che hanno risposto correttamente.
 

Statistiche sulle risposte

Paese% Corretto
Brasile
83%
India
82%
Svezia
81%
Norvegia
80%
Uruguay
77%
Pakistan
75%
Sudan
74%
Sud Sudan
68%
Iraq
64%
Serbia
63%
Siria
62%
Montenegro
59%
Perù
56%
Ecuador
54%
Francia
54%
Suriname
52%
Algeria
50%
Mozambico
49%
Tunisia
49%
Zimbabwe
47%

Distribuzione punteggi

Percentile per numero di risposta

Percentuale di utenti per punteggio

I tuoi punteggi nel tempo

Non hai fatto questo quiz